Veinte Años de Historia en la Escuela-Departamento-Facultad de Derecho y Ciencias Políticas /

Gorde:
Xehetasun bibliografikoak
Egile nagusia: Dífernan, Bonifacio (autor)
Formatua: Liburua
Hizkuntza:gaztelania
Argitaratua: Panamá, Panamá : La Antigua, 1987
Saila:(La Antigua ; 30, 31)
Gaiak:
Etiketak: Etiketa erantsi
Etiketarik gabe, Izan zaitez lehena erregistro honi etiketa jartzen!

MARC

LEADER 00000nam^a2200000^a^4500
001 000022454
005 20250521000000.0
009 20260310084457.773
037 |a Acervo ITESO - Biblioteca 
041 |a ESP 
082 |a 378. 7287  |b DIF 
100 |a Dífernan, Bonifacio  |e (autor) 
245 1 0 |a Veinte Años de Historia en la Escuela-Departamento-Facultad de Derecho y Ciencias Políticas /  |c Bonifacio Dífernan. 
264 1 |a Panamá, Panamá :  |b La Antigua,  |c 1987 
300 |a 488 p. 
336 |a texto  |b txt  |2 rdacontenido 
337 |a sin mediación  |b n  |2 rdamedio 
338 |a volumen  |b nc  |2 rdasoporte 
440 3 |a (La Antigua ;  |v 30, 31) 
649 |a XX 
650 |a Derecho -  |z Panamá -  |x Estudio y Enseñanza 
650 |a Política -  |z Panamá -  |x Estudio y Enseñanza 
650 |a Educación Superior -  |z Panamá 
910 |a Fondo General 
920 |a Impresos - Libros 
930 |a Colección General 
905 |a 101 
901 |a 0224540100  |b IT1  |c ACC  |i 022454  |u 20250521 
902 |a https://opac.biblio.iteso.mx/vufind/Record/000022454